Aplikácia experimentálnych metod v mechanike tekutín

Gespeichert in:
Bibliographische Detailangaben
Format: Buch
Veröffentlicht: Žilina : ČSVTS, 1989
Tags: Tag hinzufügen
Keine Tags, Fügen Sie das erste Tag hinzu!

MARC

LEADER 00000nam a22000003a 4500
001 stu48293
005 20150408180100.0
008 ------s1989----cs----------------------d
040 |a STU  |b slo 
041 0
044 |a cs 
080 |a 532.57 
245 |a Aplikácia experimentálnych metod v mechanike tekutín 
260 |a Žilina :  |b ČSVTS,  |c 1989 
300 |a 298 s 
996 |b J82749  |c J*82749/K 9  |l JJK9  |s P  |a 0  |w stu48293_0001